Las lenguas especializadas

Saved in:
Bibliografiske detaljer
Hovedforfatter: Lerat, Pierre (Author)
Format: Bog
Sprog:spansk
Udgivet: Barcelona Ariel 1997
Serier:Ariel Linguística
Fag:
Tags: Tilføj Tag
Ingen Tags, Vær først til at tagge denne postø!

MARC

LEADER 00000nam a2200000 a 4500
001 UCS4122
003 CL-VaPUC
008 970725e19970000SP |||||||||||||||||spa|d
082 0 4 |a 418  |b LER  |2 21 
100 0 |a Lerat, Pierre  |e author  |9 390225 
245 1 4 |a Las lenguas especializadas 
300 |a 221 p 
942 |c BK 
945 |d 19970725 00:00:00  |a jquezada 
260 |a Barcelona  |b Ariel  |c 1997 
650 0 |a Lingüística  |9 265068 
650 7 |a LINGUISTICA ESTRUCTURAL  |2 CL-VaPUC  |9 269255 
650 0 |a Lingüística aplicada   |9 313266 
583 |a last modification  |c 19970725 00:00:00  |k Rodrigo Vera 
490 0 |a Ariel Linguística 
999 |c 261455  |d 261453 
952 |0 0  |1 0  |4 0  |6 418_000000000000000_LER_1997  |7 0  |8 A  |9 288897  |a BIBEDU  |b BIBEDU  |c ES_NOD  |d 2019-11-19  |i 3336840  |o 418 LER 1997  |p 3336840  |r 2023-08-09  |w 2019-11-19  |y BK  |k LIT